Central Library OPAC University of Rajshahi

Capital formation in Canada, 1896-1930 / (Record no. 46124)

MARC details
000 -LEADER
fixed length control field 01187nam a2200337 a 4500
001 - CONTROL NUMBER
control field 46124
003 - CONTROL NUMBER IDENTIFIER
rucl marc code BD-RjUL
005 - DATE AND TIME OF LATEST TRANSACTION
control field 20211209054118.0
008 - FIXED-LENGTH DATA ELEMENTS--GENERAL INFORMATION
fixed length control field 160731s1955 oncad sbm 001 0 eng d
020 ## - INTERNATIONAL STANDARD BOOK NUMBER
Canceled/invalid ISBN 0771097778
Canceled/invalid ISBN 9780771097775
Canceled/invalid ISBN 9780773581128 (e-book)
035 ## - SYSTEM CONTROL NUMBER
System control number (BD-RjUL) 46242
System control number (NNC)10599253
040 ## - CATALOGING SOURCE
Original cataloging agency CaPaEBR
Transcribing agency CaPaEBR
Language of cataloging eng
041 ## - LANGUAGE CODE
Language code of text/sound track or separate title eng
082 04 - DEWEY DECIMAL CLASSIFICATION NUMBER
Classification number 332.04150971
Edition number 23
Author mark and year BUC 1955
100 1# - MAIN ENTRY--PERSONAL NAME
Personal name Buckley, Kenneth A. H.
9 (RLIN) 140980
245 10 - TITLE STATEMENT
Title Capital formation in Canada, 1896-1930 /
Statement of responsibility, etc. by Kenneth Buckley
260 ## - PUBLICATION, DISTRIBUTION, ETC. (IMPRINT)
Place of publication, distribution, etc. Toronto :
Name of publisher, distributor, etc. McClelland and Stewart,
Date of publication, distribution, etc. 1955.
300 ## - PHYSICAL DESCRIPTION
Pagination xiii, 256 p. :
Illustrations ill. ;
Size 23cm.
490 1# - SERIES STATEMENT
Series statement Carleton library ;
502 ## - DISSERTATION NOTE
Dissertation note Originally presented as the author's thesis, London School of Economics and Political Science, 1950.
504 ## - BIBLIOGRAPHY, ETC. NOTE
Bibliography, etc Includes bibliographical references and index.
650 #0 - SUBJECT ADDED ENTRY--TOPICAL TERM
Topical term or geographic name as entry element Saving and investment
Geographic subdivision Canada.
9 (RLIN) 140981
710 2# - ADDED ENTRY--CORPORATE NAME
Corporate name or jurisdiction name as entry element ebrary, Inc.
9 (RLIN) 137644
830 #0 - SERIES ADDED ENTRY--UNIFORM TITLE
Uniform title Carleton library ;
856 40 - ELECTRONIC LOCATION AND ACCESS
Uniform Resource Identifier <a href="http://www.columbia.edu/cgi-bin/cul/resolve?clio10599253">http://www.columbia.edu/cgi-bin/cul/resolve?clio10599253</a>
Public note Click here for full text.
942 ## - ADDED ENTRY ELEMENTS (KOHA)
Source of classification or shelving scheme Dewey Decimal Classification
Koha item type Books
Holdings
Lost status Source of classification or shelving scheme Damaged status Not for loan Collection code Permanent Location Current Location Shelving location Date acquired Source of acquisition Cost, normal purchase price Total Checkouts Full call number Date last seen Copy number Koha item type
  Dewey Decimal Classification     Non-fiction Central Library, University of Rajshahi Central Library, University of Rajshahi Electronic Books 27/01/1958 Pak American 16.04   332.04150971 BUC 1955 31/07/2016 C-2 Books